[Event "29. Abierto Ciudad de Sevilla"]
[Site "Sevilla ESP"]
[Date "2004.01.17"]
[Round "9.9"]
[White "Matamoros Franco, Carlos S"]
[Black "Garrido Dominguez, Jesus"]
[Result "1-0"]
[WhiteElo "2490"]
[BlackElo "2213"]
[PlyCount "45"]
[EventDate "2004.01.09"]
[EventType "swiss"]
[EventRounds "9"]
[EventCountry "ESP"]
[Source "lmi"]
[SourceDate "2004.01.17"]

1. c4 Nf6 2. Nc3 g6 3. g3 Bg7 4. Bg2 O-O 5. d4 d6 6. Nf3 Nc6 7. O-O e5 8. d5
Ne7 9. e4 Nd7 10. Ne1 a5 11. Nd3 b6 12. a4 f5 13. f4 Nc5 14. fxe5 Nxd3 15. Qxd3
Bxe5 16. Bh6 Re8 17. Qd2 Kh8 18. Bg5 Rf8 19. Rae1 Qe8 20. Nb5 Qd7 21. exf5 gxf5
22. Rxe5 dxe5 23. Bxe7 1-0

[Event "29. Abierto Ciudad de Sevilla"]
[Site "Sevilla ESP"]
[Date "2004.01.17"]
[Round "9.11"]
[White "Speck, Nick"]
[Black "Campos Moreno, Javier B"]
[Result "1-0"]
[WhiteElo "2381"]
[BlackElo "2498"]
[PlyCount "37"]
[EventDate "2004.01.09"]
[EventType "swiss"]
[EventRounds "9"]
[EventCountry "ESP"]
[Source "lmi"]
[SourceDate "2004.01.17"]

1. e4 e5 2. Nf3 Nc6 3. Bb5 a6 4. Bxc6 dxc6 5. O-O Qd6 6. Na3 Qe6 7. d4 Bxa3 8.
bxa3 exd4 9. Qxd4 Nf6 10. Bb2 O-O 11. Rfe1 h6 12. Re3 b6 13. Rae1 c5 14. Qc3
Rd8 15. Nh4 Qg4 16. Rg3 Qxh4 17. Qxf6 Qxf6 18. Bxf6 Rd2 19. Rxg7+ 1-0

[Event "29. Abierto Ciudad de Sevilla"]
[Site "Sevilla ESP"]
[Date "2004.01.17"]
[Round "9.12"]
[White "Perez Pardo, Juan C"]
[Black "Movsziszian, Karen"]
[Result "0-1"]
[WhiteElo "2335"]
[BlackElo "2497"]
[PlyCount "60"]
[EventDate "2004.01.09"]
[EventType "swiss"]
[EventRounds "9"]
[EventCountry "ESP"]
[Source "lmi"]
[SourceDate "2004.01.17"]

1. e4 g6 2. d4 Bg7 3. Nc3 d6 4. g3 Nf6 5. Bg2 O-O 6. Nge2 Nc6 7. O-O e5 8. dxe5
Nxe5 9. h3 Re8 10. f4 Nc6 11. Be3 Bd7 12. Bf2 b5 13. Qd3 b4 14. Nd5 Nxd5 15.
exd5 Bf5 16. Qd2 Na5 17. Nd4 Nc4 18. Qxb4 Ne3 19. Nxf5 gxf5 20. Bxe3 Rxe3 21.
Kf2 Re8 22. c3 Rb8 23. Qa3 c6 24. Rfe1 Qb6+ 25. Kf1 cxd5 26. Bxd5 Qb5+ 27. c4
Qb6 28. Qa4 Re3 29. c5 Qxc5 30. Qc4 Rf3+ 0-1

[Event "29. Abierto Ciudad de Sevilla"]
[Site "Sevilla ESP"]
[Date "2004.01.17"]
[Round "9.13"]
[White "Lacrosse, Marc"]
[Black "Veingold, Aleksandr"]
[Result "0-1"]
[WhiteElo "2235"]
[BlackElo "2478"]
[PlyCount "82"]
[EventDate "2004.01.09"]
[EventType "swiss"]
[EventRounds "9"]
[EventCountry "ESP"]
[Source "lmi"]
[SourceDate "2004.01.17"]

1. d4 Nf6 2. c4 e6 3. Nf3 b6 4. a3 Bb7 5. Nc3 d5 6. cxd5 Nxd5 7. Qc2 Nxc3 8.
bxc3 Be7 9. e4 O-O 10. Bd3 c5 11. O-O Qc8 12. Qe2 cxd4 13. cxd4 Ba6 14. Bb2
Bxd3 15. Qxd3 Qa6 16. Qxa6 Nxa6 17. Rfc1 Rac8 18. Kf1 f5 19. exf5 exf5 20. g3
Bf6 21. Rxc8 Rxc8 22. Rc1 Rxc1+ 23. Bxc1 Nc7 24. Ke2 b5 25. Kd3 Kf7 26. Bg5 Nd5
27. Bxf6 Kxf6 28. Ne5 Ke6 29. Nc6 a6 30. Nb8 a5 31. Nc6 a4 32. Nb4 g5 33. h3 h5
34. Nc6 f4 35. g4 h4 36. Ne5 b4 37. axb4 a3 38. Kc2 Nxb4+ 39. Kb1 a2+ 40. Kb2
Nc2 41. Kxa2 Nxd4 0-1

[Event "29. Abierto Ciudad de Sevilla"]
[Site "Sevilla ESP"]
[Date "2004.01.17"]
[Round "9.15"]
[White "Castellanos Rodriguez, Renier"]
[Black "Barrero Garcia, Carlos"]
[Result "1-0"]
[WhiteElo "2438"]
[BlackElo "2339"]
[PlyCount "41"]
[EventDate "2004.01.09"]
[EventType "swiss"]
[EventRounds "9"]
[EventCountry "ESP"]
[Source "lmi"]
[SourceDate "2004.01.17"]

1. e4 e6 2. d4 d5 3. Nc3 Bb4 4. e5 c5 5. a3 Bxc3+ 6. bxc3 Qc7 7. Qg4 f5 8. Qg3
cxd4 9. cxd4 Ne7 10. Bd2 O-O 11. Bd3 b6 12. Ne2 Ba6 13. Nf4 Qd7 14. h4 Bxd3 15.
Qxd3 Nbc6 16. h5 Rfc8 17. a4 Nd8 18. a5 Qc7 19. h6 g6 20. c3 Qc4 21. Qg3 1-0

[Event "29. Abierto Ciudad de Sevilla"]
[Site "Sevilla ESP"]
[Date "2004.01.17"]
[Round "9.16"]
[White "Barria, Daniel"]
[Black "Fernandez Romero, Ernesto"]
[Result "1/2-1/2"]
[WhiteElo "2351"]
[BlackElo "2425"]
[PlyCount "68"]
[EventDate "2004.01.09"]
[EventType "swiss"]
[EventRounds "9"]
[EventCountry "ESP"]
[Source "lmi"]
[SourceDate "2004.01.17"]

1. e4 e6 2. d4 d5 3. e5 c5 4. c3 Qb6 5. Nf3 Nc6 6. a3 Nh6 7. b4 cxd4 8. Bxh6
gxh6 9. cxd4 Bd7 10. Ra2 Rc8 11. Rc2 Bg7 12. Nc3 O-O 13. Na4 Qd8 14. Nc5 Rc7
15. b5 Ne7 16. a4 Ng6 17. h4 Qe7 18. Bd3 Rfc8 19. Nxd7 Qxd7 20. Rxc7 Qxc7 21.
O-O Qc3 22. Re1 Qa3 23. Bf1 Qb2 24. Qa1 Qc2 25. a5 Bf8 26. a6 b6 27. Qb1 Be7
28. Qxc2 Rxc2 29. g3 Nf8 30. Bd3 Rc3 31. Rd1 Nd7 32. Kf1 f6 33. exf6 Bxf6 34.
Ke2 Be7 1/2-1/2

[Event "29. Abierto Ciudad de Sevilla"]
[Site "Sevilla ESP"]
[Date "2004.01.17"]
[Round "9.17"]
[White "Ivanov, Jordan"]
[Black "Llorente Galardy, Jorge"]
[Result "1-0"]
[WhiteElo "2406"]
[BlackElo "2295"]
[PlyCount "91"]
[EventDate "2004.01.09"]
[EventType "swiss"]
[EventRounds "9"]
[EventCountry "ESP"]
[Source "lmi"]
[SourceDate "2004.01.17"]

1. Nf3 e6 2. d4 Nf6 3. c4 Bb4+ 4. Bd2 Qe7 5. g3 b6 6. Bg2 Bb7 7. O-O Bxd2 8.
Qxd2 O-O 9. Qd3 d6 10. Nc3 Nbd7 11. e4 e5 12. d5 a5 13. Bh3 Bc8 14. Qe2 Nc5 15.
Bxc8 Raxc8 16. b3 g6 17. Nd2 Kh8 18. a3 Ng8 19. b4 Nb7 20. Nb3 Ra8 21. Rac1 f5
22. exf5 gxf5 23. f4 axb4 24. axb4 Rae8 25. Rce1 Qg7 26. Qd2 Ne7 27. Nc1 Ng6
28. N1e2 Ra8 29. Kh1 Qd7 30. Ra1 Kg8 31. Qd3 Ne7 32. Qe3 Ng6 33. Qf3 Ne7 34.
Qh5 c5 35. Qg5+ Ng6 36. Rxa8 Rxa8 37. bxc5 bxc5 38. g4 Rf8 39. fxe5 dxe5 40.
gxf5 Nd6 41. Ng3 Qe7 42. f6 Qb7 43. Nf5 Nxf5 44. Qxf5 Rf7 45. Ne4 Qa6 46. Qe6
1-0

[Event "29. Abierto Ciudad de Sevilla"]
[Site "Sevilla ESP"]
[Date "2004.01.17"]
[Round "9.20"]
[White "Razmyslov, Alexander"]
[Black "Pereira Figueroa, Manuel"]
[Result "1-0"]
[WhiteElo "2337"]
[BlackElo "2094"]
[PlyCount "45"]
[EventDate "2004.01.09"]
[EventType "swiss"]
[EventRounds "9"]
[EventCountry "ESP"]
[Source "lmi"]
[SourceDate "2004.01.17"]

1. e4 c5 2. f4 g6 3. Nf3 Nc6 4. Nc3 Bg7 5. g3 e6 6. Bg2 Nge7 7. O-O O-O 8. d3
d6 9. Be3 Nd4 10. Qd2 Rb8 11. Nd1 b5 12. Nh4 f5 13. c3 Ndc6 14. Bf2 b4 15. Ne3
bxc3 16. bxc3 Ba6 17. Rfe1 Qa5 18. Rac1 Rfd8 19. exf5 exf5 20. Nd5 Re8 21. Re6
Nxd5 22. Rxe8+ Rxe8 23. Bxd5+ 1-0

[Event "29. Abierto Ciudad de Sevilla"]
[Site "Sevilla ESP"]
[Date "2004.01.17"]
[Round "9.22"]
[White "Peña Dieguez, Manuel"]
[Black "Martin Perez, Javier"]
[Result "0-1"]
[WhiteElo "2093"]
[BlackElo "2280"]
[PlyCount "90"]
[EventDate "2004.01.09"]
[EventType "swiss"]
[EventRounds "9"]
[EventCountry "ESP"]
[Source "lmi"]
[SourceDate "2004.01.17"]

1. e4 e6 2. d3 c5 3. f4 Nc6 4. g3 g6 5. Bg2 Bg7 6. Nh3 Nge7 7. O-O O-O 8. Nc3
Rb8 9. Be3 Nd4 10. Qd2 b5 11. Nd1 d6 12. c3 Ndc6 13. g4 f5 14. gxf5 exf5 15. e5
dxe5 16. Bxc5 Bb7 17. Qc2 Kh8 18. Ng5 Qd7 19. Qb3 Nd8 20. Nf3 exf4 21. Re1 Re8
22. Nf2 Bd5 23. c4 Bg8 24. Qa3 Ndc6 25. Rad1 h6 26. b3 g5 27. d4 Ng6 28. Rxe8
Qxe8 29. Re1 Qd7 30. cxb5 Rxb5 31. Qc1 g4 32. Nd2 Nxd4 33. Bf1 Rb8 34. Bc4 Ne5
35. Bxg8 Nef3+ 36. Nxf3 Nxf3+ 37. Kf1 Nxe1 38. Bc4 Nf3 39. Qxf4 Re8 40. Bb4 Nh4
41. Qg3 Nf3 42. Qf4 Qd4 43. Qxd4 Bxd4 44. h3 g3 45. Kg2 Re1 0-1